LEADER 01363nam a2200313 i 4500 001 000000179579 003 CaOOAMICUS 005 20090518000000.0 008 090518s2003 it u000 u ita u 013 $a157156 020 $a88-315-2484-4 040 $aSeMil$bita 100 0 $aEphraem : Syrus,$c.$0(OLS)http://semarc/name/6620 245 10$aInni sulla Natività e sull'Epifania /$cEfrem il Siro ; introduzione, traduzione e note di Ignazio De Francesco. 260 $aMilano :$bPaoline,$c2003. 300 $a551 p. ;$c20 cm. 490 0 $aLetture cristiane del primo millennio ;$v35 650 4$aPadri della Chiesa - Natale.$0(OLS)http://semarc/subject/46416 650 4$aEpifania - Padri - Testi.$0(OLS)http://semarc/subject/34149 700 1 $aDe Francesco, Ignazio.$0(OLS)http://semarc/name/48524 830 0$aLetture cristiane del primo millennio ;$v35.$0(OLS)http://semarc/title/7869 850 $aSeMil 852 $aSeMil$W1$xVenegono$y1$m2NA H 35$j260262$B130341$CSeMilBibl$Z2$F142136 $81 900 1 $aEfrem : Siro. 961 $aOmaggio: Delpini mons. Mario 996 $6020$a88-315-2484-4$9(OLS)http://semarc/number/168781 996 $6245$aInni sulla Natività e sull'Epifania$9(OLS)http://semarc/title/257853 996 $6260$aMilano :$bPaoline$9(OLS)http://semarc/publisher/29684 LEADER 01110nam a2200253 i 4500 001 000000070212 003 CaOOAMICUS 005 20080812000000.0 008 080812s1921 fr u000 u fre u 013 $a41384 040 $aSeMil$bita 100 1 $aNietzsche, Friedrich,$d<1844-1900>.$0(OLS)http://semarc/name/1250 245 10$aEcce Homo ; suivi des Poésies /$cFrédéric Nietzsche ; traduit pat Henri Albert. 250 $a9. éd. 260 $aParis :$bMercure de France,$c1921. 300 $a299 p. ;$c19 cm. 490 0 $aCollection d'auteurs etrangers 700 1 $aAlbert, Henri <1869-1921>.$0(OLS)http://semarc/name/8881 773 0 $tOeuvres complétes de Frédéric Nietzsche.$dParis : Mercure de France $kCollection d'auteurs etrangers$w()19889 830 0$aCollection d'auteurs etrangers.$0(OLS)http://semarc/title/26177 850 $aSeMil 852 $aSeMil$W1$xVenegono$y1$m2P II 133$j36365$B36365$CSeMilBibl$Z2$F36368 $81 996 $6245$aEcce Homo ; suivi des Poésies$9(OLS)http://semarc/title/112632 996 $6260$aParis :$bMercure de France$9(OLS)http://semarc/publisher/35093